000 00217 a2200109 4500
001 68503
040 _cAnchieta - Itaigara
240 1 0 _aProjeto Prosa
_l
245 1 0 _aProjeto Prosa
650 4 _aEducação
942 _cMU
999 _c68503
_d68503